000 01253nam a22003137a 4500
005 20230630093822.0
008 230630b ||||| |||| 00| 0 eng d
020 _a8171005551
040 _cAL
041 _aeng
082 _223
_a320.01
_bMUKJ
100 _aSubrata Mukherjee Ed
_9125074
100 _dSushila Ramaswamy Ed
_9125075
245 _aJohn Locke 1632-1704:
_bGreat Western Political Thinkers-5
260 _aNew Delhi
_bDeep & Deep Publications
_c1994
300 _axxx,658p.
_bHB
_c22x14cm.
365 _2Political Science
650 _aPeter Laslett
_9125076
650 _aCharles D Tarlton
_9125077
650 _aNathan Tarcov
_9125078
650 _aWilmoore Kendall
_9125079
650 _aC B Macpherson
_9125080
650 _aIsaiah Berlin
_9125081
650 _aRichard Ashcraft
_9125082
700 _aMUKHERJEE (Subrata) Ed
_9125083
700 _aRAMASWAMY (Sushila) Ed
_9125084
942 _2ddc
_cDB
999 _c227710
_d227710